| 000 | 01268cam a2200373 a 4500 | ||
|---|---|---|---|
| 001 | 22752 | ||
| 003 | SK-KTurca | ||
| 005 | 20260422163932.0 | ||
| 008 | 250313s1982 xo d 000 j slo | ||
| 020 | _q(viaz.) | ||
| 035 | _aVTK30809 | ||
| 035 | _aurn:nbn:sk:snk-am3h4nh | ||
| 035 | _aurn:nbn:sk:snk-am00cnbi | ||
| 035 | _aEF41745C-BB29-4B11-AD33-B9E6FD9952E0 | ||
| 040 |
_aSNK _bslo _cSNK _eAACR2 |
||
| 041 | 1 |
_aslo _hfre |
|
| 044 |
_axo _cSK |
||
| 072 | 7 |
_a821.133.1-3 _xFrancúzska próza, francúzsky písaná _2konspekt |
|
| 080 |
_a821.133.1-32 _22001 |
||
| 080 |
_a(0:82-32) _22001 |
||
| 100 | 1 |
_aBarbey d'Aurevilly, Jules, _d1808-1889 _4aut |
|
| 240 | 1 | 4 |
_aLes Diaboliques _lSlovensky |
| 245 | 1 | 0 |
_aDiabolské novely _bprvých šest _cJules Barbey d'Aurevilly ; [z francúzskeho originálu preložila Tamara Zemková] |
| 250 | _a1. vyd. | ||
| 260 |
_aBratislava _bSlovenský spisovateľ _c1982 |
||
| 300 |
_a258 s. _c21 cm |
||
| 490 | 1 |
_aSpoločnosť priateľov krásnych kníh _vzv. 416 |
|
| 655 | 7 |
_afrancúzske novely _2SNKPH |
|
| 700 | 1 |
_aZemková, Tamara, _d1947- _4trl |
|
| 830 | 0 | _aSpoločnosť priateľov krásnych kníh | |
| 942 |
_2ddc _cKLDO _n0 |
||
| 999 |
_c22752 _d22752 |
||